| 000 | 00755nam a22002537a 4500 | ||
|---|---|---|---|
| 005 | 20180109144320.0 | ||
| 008 | 180109b xxu||||| |||| 00| 0 eng d | ||
| 020 |
_a9789381136218 _c₹ 710.00 |
||
| 040 | _aLoreto College | ||
| 041 | _aEnglish | ||
| 082 |
_a305.4 _bRAM |
||
| 100 | _aRamesh, K. | ||
| 245 |
_aGender disparity in India _bThe Nature and extent _cK. Ramesh |
||
| 260 |
_aDelhi _bAbhijeet Publications _c2011 |
||
| 300 |
_a220 p. _b22 cm. |
||
| 504 | _aIncludes bibliography and index | ||
| 650 | _aSex discrimination against woman | ||
| 650 | _aIndia Salem (District) | ||
| 650 | _aMale domination (social structure) | ||
| 650 | _aIndia- Kamcheepuram (District) | ||
| 700 |
_4Auth _aK. Ramesh |
||
| 850 | _aLCBED | ||
| 942 | _cBK | ||
| 999 |
_c41377 _d91856 |
||